Normal view
MARC view
- Production management
Entry Topical Term
001 - CONTROL NUMBER
- control field: 85264
003 - CONTROL NUMBER IDENTIFIER
- control field: NUST
005 - DATE AND TIME OF LATEST TRANSACTION
- control field: 20211130103358.0
008 - FIXED-LENGTH DATA ELEMENTS
- fixed length control field: 211130|| aca||aabn | a|a d
040 ## - CATALOGING SOURCE
- Original cataloging agency: NUST
- Transcribing agency: NUST
150 ## - HEADING--TOPICAL TERM
- Topical term or geographic name entry element: Production management
670 ## - SOURCE DATA FOUND
- Source citation: Work cat.: (NUST)33975: Schroeder, Roger G. 85262, Operations Management :, c2004.
